Milan / (Record no. 55892)

MARC details
000 -LEADER
fixed length control field 04313nam a22005777a 4500
001 - CONTROL NUMBER
control field DVD-007765-773
005 - DATE AND TIME OF LATEST TRANSACTION
control field 20110824135915.0
006 - FIXED-LENGTH DATA ELEMENTS--ADDITIONAL MATERIAL CHARACTERISTICS--GENERAL INFORMATION
fixed length control field a|||||r|||||00| 0
007 - PHYSICAL DESCRIPTION FIXED FIELD--GENERAL INFORMATION
fixed length control field vd bvaizu
008 - FIXED-LENGTH DATA ELEMENTS--GENERAL INFORMATION
fixed length control field 091030s2008 ii 137 g vlhin
010 ## - LIBRARY OF CONGRESS CONTROL NUMBER
LC control number DVD-007765-773
024 ## - OTHER STANDARD IDENTIFIER
Standard number or code DHIF1739S
Terms of availability 349.00
035 ## - SYSTEM CONTROL NUMBER
System control number DVD-007765-773
040 ## - CATALOGING SOURCE
Original cataloging agency DLC
Transcribing agency DLC
Modifying agency DLC
Description conventions amim
082 ## - DEWEY DECIMAL CLASSIFICATION NUMBER
Classification number DVD / MILA
245 00 - TITLE STATEMENT
Title Milan /
Statement of responsibility, etc Produced by Prasad Productions, directed by Adurthi Subba Rao; music by Laxmikant Pyarelal
257 ## - COUNTRY OF PRODUCING ENTITY FOR ARCHIVAL FILMS
Country of producing entity India.
260 ## - PUBLICATION, DISTRIBUTION, ETC. (IMPRINT)
Place of publication, distribution, etc New Delhi :
Name of publisher, distributor, etc Moser Baer Entertainment,
Date of publication, distribution, etc p2010.
300 ## - PHYSICAL DESCRIPTION
Extent 1 videodisc of 1 (DVD) : (170 min.)
Other physical details sd., b&w ;
Dimensions 4 3/4 in.
Materials specified viewing copy.
440 ## - SERIES STATEMENT/ADDED ENTRY--TITLE
Title Nutan Six classic films: 2
9 (RLIN) 33466
500 ## - GENERAL NOTE
General note Copyright notice on container: Moser baer
500 ## - GENERAL NOTE
General note Originally released theatrically in 1967.
500 ## - GENERAL NOTE
General note Summary taken from IMDB.com.
508 ## - CREATION/PRODUCTION CREDITS NOTE
Creation/production credits note Music ; Laxmikant Pyarelal
511 1# - PARTICIPANT OR PERFORMER NOTE
Participant or performer note Sunil Dutt, Nutan, Pran, Deven Varma and Jamuna
520 ## - SUMMARY, ETC.
Summary, etc On the banks of the holy River Ganga, Gopi, a ferryman conducts an unconsummated romance with Radha, a girl from the upper classes. At the same time, he rejects the advances of Gauri, a girl from his own village, who is attracting the unwanted attention of Radha's lecherous uncle. Fate is not kind to them. Radha is married off to a man she doesn't care for and Gopi is severely beaten by thugs sent by Radha's uncle after he prevents him from molesting Gauri. Radha's husband dies suddenly and she returns home in disgrace to find her father is dangerously ill. However, the attraction between Radha and Gopi remains as strong as ever and ugly rumours start to circulate about the nature of their relationship - for which Gopi blames the jealous Gauri. Emotions come to the boil and tragedy results. Fortunately, for all concerned, another birth awaits them.
538 ## - SYSTEM DETAILS NOTE
System details note NTSC all region
546 ## - LANGUAGE NOTE
Language note In Hindi. with English Subtitles
650 #0 - SUBJECT ADDED ENTRY--TOPICAL TERM
Topical term or geographic name as entry element Family
Form subdivision Drama.
9 (RLIN) 33467
650 #0 - SUBJECT ADDED ENTRY--TOPICAL TERM
Topical term or geographic name as entry element Musical
Form subdivision Drama.
9 (RLIN) 33469
650 #0 - SUBJECT ADDED ENTRY--TOPICAL TERM
Topical term or geographic name as entry element Roamance
Form subdivision drama
9 (RLIN) 33525
700 1# - ADDED ENTRY--PERSONAL NAME
Personal name Subba Rao, Adurthi .,
Relator term direction.
9 (RLIN) 33470
700 1# - ADDED ENTRY--PERSONAL NAME
Personal name Prasad, L.V.
Relator term production.
9 (RLIN) 33471
700 1# - ADDED ENTRY--PERSONAL NAME
Personal name Laxmikant
Relator term music.
9 (RLIN) 33472
Fuller form of name Laxmikant Shantaram Kudalkar
700 1# - ADDED ENTRY--PERSONAL NAME
Personal name Pyarelal
Relator term Music
Fuller form of name Pyarelal Ramprasad Sharma
9 (RLIN) 33526
700 1# - ADDED ENTRY--PERSONAL NAME
Personal name Athreya Mullapudi
Relator term Story
9 (RLIN) 33505
710 2# - ADDED ENTRY--CORPORATE NAME
Corporate name or jurisdiction name as entry element Moser Baer (New Delhi, India)
9 (RLIN) 33473
856 ## - ELECTRONIC LOCATION AND ACCESS
Uniform Resource Identifier <a href="http://www.imdb.com/title/tt0061974/">http://www.imdb.com/title/tt0061974/</a>
942 ## - ADDED ENTRY ELEMENTS (KOHA)
Source of classification or shelving scheme Dewey Decimal Classification
Item type CD-ROMs, DVDs, VHS
Classification part DVD
Call number suffix MILA
Holdings
Withdrawn status Lost status Source of classification or shelving scheme Materials specified (bound volume or other part) Damaged status Not for loan Collection code Home library Current library Date acquired Source of acquisition Cost, normal purchase price Total Checkouts Full call number Barcode Date last seen Date last borrowed Copy number Cost, replacement price Price effective from Koha item type Public note Total Renewals
    Dewey Decimal Classification DVD 2     Fiction Central Library Central Library 24/08/2011 pioneer/1226/28.3.11 349.00 1 DVD MILA DVD-007765 03/12/2012 20/11/2012 1 349.00 24/08/2011 CD-ROMs, DVDs, VHS set of 6 DVD  
    Dewey Decimal Classification DVD 2     Fiction Janak Puri Janak Puri 24/08/2011 pioneer/1226/28.3.11 349.00 4 DVD MILA DVD-007767 19/09/2014 19/08/2014 1 349.00 24/08/2011 CD-ROMs, DVDs, VHS set of 6 DVD 1
    Dewey Decimal Classification DVD 2     Fiction Karol Bagh Karol Bagh 24/08/2011 pioneer/1226/28.3.11 349.00   DVD MILA DVD-007771 24/08/2011   1 349.00 24/08/2011 CD-ROMs, DVDs, VHS set of 6 DVD  
    Dewey Decimal Classification DVD 2     Fiction Narela Narela 24/08/2011 pioneer/1226/28.3.11 349.00   DVD MILA DVD-007772 24/08/2011   1 349.00 24/08/2011 CD-ROMs, DVDs, VHS set of 6 DVD  
    Dewey Decimal Classification DVD 2     Fiction Patel Nagar Patel Nagar 24/08/2011 pioneer/1226/28.3.11 349.00 2 DVD MILA DVD-007766 21/03/2014 12/02/2014 1 349.00 24/08/2011 CD-ROMs, DVDs, VHS set of 6 DVD  
    Dewey Decimal Classification DVD 2     Fiction R.K.Puram-8 R.K.Puram-8 24/08/2011 pioneer/1226/28.3.11 349.00   DVD MILA DVD-007769 24/08/2011   1 349.00 24/08/2011 CD-ROMs, DVDs, VHS set of 6 DVD  
    Dewey Decimal Classification DVD 2     Fiction Sarojini Nagar Sarojini Nagar 24/08/2011 pioneer/1226/28.3.11 349.00 4 DVD MILA DVD-007768 15/06/2013 01/06/2013 1 349.00 24/08/2011 CD-ROMs, DVDs, VHS set of 6 DVD  
    Dewey Decimal Classification DVD 2     Fiction Shahdara Branch Shahdara Branch 24/08/2011 pioneer/1226/28.3.11 349.00   DVD MILA DVD-007773 24/08/2011   1 349.00 24/08/2011 CD-ROMs, DVDs, VHS set of 6 DVD  
    Dewey Decimal Classification DVD 2     Fiction Vinoba Puri Vinoba Puri 24/08/2011 pioneer/1226/28.3.11 349.00 4 DVD MILA DVD-007770 16/09/2014 27/08/2014 1 349.00 24/08/2011 CD-ROMs, DVDs, VHS set of 6 DVD  

© Delhi Public Library
Hit Counter
free hit counter